WWE Royal Rumble 2009 Entrants - Statistics

General Stats
  • This quiz has been taken 20 times
  • The average score is 22 of 30
Answer Stats
Draw Brand Entrant % Correct
15 Raw Cody Rhodes
100%
8 Raw Randy Orton
100%
7 SmackDown Triple H
100%
30 SmackDown Big Show
93%
1 Raw Rey Mysterio
93%
14 ECW Finlay
86%
2 ECW John Morrison
86%
23 Raw Kane
86%
25 Unaffiliated Rob Van Dam
86%
10 Raw Ted DiBiase Jr.
86%
13 ECW The Miz
86%
16 SmackDown The Undertaker
86%
18 Raw CM Punk
79%
27 Raw Dolph Ziggler
79%
4 SmackDown MVP
79%
5 SmackDown The Great Khali
79%
17 Raw Goldust
71%
22 Raw Kofi Kingston
71%
19 ECW Mark Henry
71%
28 Raw Santino Marella
71%
3 SmackDown Carlito
64%
11 Raw Chris Jericho
64%
12 Raw Mike Knox
64%
20 SmackDown Shelton Benjamin
57%
6 SmackDown Vladimir Kozlov
57%
21 Raw William Regal
57%
9 Raw JTG
50%
26 SmackDown The Brian Kendrick
50%
29 Raw Jim Duggan
43%
24 SmackDown R-Truth
43%
No matching quizzes found
Score Distribution
Percent of People with Each Score
Percentile by Number Answered
Your Score History
You have not taken this quiz